000 02232cam a2200361 a 4500
001 17020951
005 20170105102916.0
008 111025s2009 enkab b 001 0 eng c
010 _a 2008911982
015 _aGBA981562
_2bnb
016 7 _a015351772
_2Uk
020 _a9780500251560 (hbk.)
020 _a0500251568 (hbk.)
035 _a(OCoLC)ocn317919350
040 _aUKM
_cSTF
_dUKM
_dBTCTA
_dCLE
_dVP@
_dCOO
_dIAD
_dYDXCP
_dQBX
_dCDX
_dGEBAY
_dMOF
_dUKMGB
_dDLC
042 _apcc
050 0 0 _aD128
_b.M435 2009
245 0 4 _aThe medieval world at war /
_cedited by Matthew Bennett.
260 _aLondon :
_bThames & Hudson,
_c2009.
300 _a272 p. :
_bill. (some col.), col. maps ;
_c28 cm.
500 _a"With 264 illustrations, 204 in color."
504 _aIncludes bibliographical references (p. 260-262) and index.
505 0 0 _gIntroduction:
_tChange and continuity in warfare /
_rMatthew Bennett --
_tByzantium against Persia and Islam, 530-750 /
_rJames Howard-Johnson --
_tFrom barbarian kingdoms to the Carolingian empire, 500-850 /
_rRoy Boss --
_tNew invaders of Christendom: Muslims, Vikings, Russians, Magyars and Normans, 800-1066 /
_rMatthew Bennett --
_tThe revival of Latin Christendom and the crusades in the east, 1050-1250 /
_rJohn France --
_tNomads triumphant: Mongols, Mamluks and the later crusades, 1250-1400 /
_rTimothy May --
_tThe teutonic knights and the northern crusades, 1200-1450 /
_rWilliam Urban --
_tThe challenge to chivalry: longbow and pike, 1275-1475 /
_rMichael Prestwich --
_tThe gunpowder revolution, 1300-1500 /
_rMichael Prestwich --
_tThe Ottoman challenge: the conquest of Constantinople and military expansion in Europe, 1350-1550 /
_rGábor Ágoston --
_tThe wider world: warfare in India, China, Korea and Japan, 500-1500 /
_rT.A. Heathcote, Peter Lorge, Matthew Bennett and Karl Friday.
648 7 _aGeschichte 500-1500
_2swd
650 0 _aMilitary history, Medieval.
650 0 _aMilitary art and science
_xHistory
_yMedieval, 500-1500.
650 0 7 _aKriegführung
_2swd
651 7 _aEuropa
_2swd
700 1 _aBennett, Matthew,
_d1954-
906 _a7
_bcbc
_cpccadap
_d2
_eepcn
_f20
_gy-gencatlg
942 _2ddc
_cBK
999 _c15370
_d15370